Initial Boundary Value Problems in Mathematical Physics

Αποθηκεύτηκε σε:
Λεπτομέρειες βιβλιογραφικής εγγραφής
Κύριος συγγραφέας: Leis, Rolf
Μορφή: Βιβλίο
Γλώσσα:English
Δημοσίευση: Stuttgart : Chichester : New York : B.G. Teubner, Wiley, c1986
Θέματα:
Ετικέτες: Προσθήκη ετικέτας
Δεν υπάρχουν, Καταχωρήστε ετικέτα πρώτοι!

MARC

LEADER 00000cam a2200000 i 4500
001 1/35761
008 941103s1986 eng d
020 |a 0471908630  |c $40.62 (Wiley) 
035 |l 10040062 
035 |a 1993  |c ΦΛΕΣΣΑΣ 
040 |a GR-MY-UA  |b gre  |e aacr 
041 0 |a eng 
082 0 |a 515.35  |2 (19) 
100 1 |a Leis, Rolf. 
245 1 0 |a Initial Boundary Value Problems in Mathematical Physics /  |c Rolf Leis 
260 |a Stuttgart :   |a Chichester :   |a New York :   |b B.G. Teubner,   |b Wiley,   |c c1986 
300 |a viii, 266 p.;  |c 23 cm 
500 |a "Lectures ... given at the University of Bonn in the academic year 1983/4 and in part at the University of Strathclyde, Glasgow"--Pref 
500 |a Includes index 
504 |a Bibliography: p. 256-261 
650 0 0 |a Initial value problems. 
650 0 0 |a Boundary value problems. 
852 |a INST  |b SAMOS  |e 19941103  |h 515.35 LEI  |p 005300003298  |q 005300003298  |t BK  |y 0 
909 |a Σ  |b 029621